[Event "Montevideo Duchamp Cup 4th"]
[Site "Montevideo"]
[Date "2020.02.10"]
[Round "4"]
[White "Nunez, Hiber"]
[Black "Aguilera, Angel"]
[Result "1/2-1/2"]
[WhiteElo "1691"]
[BlackElo "1196"]
[PlyCount "76"]
[EventDate "2020.02.08"]
[EventType "swiss"]
[EventRounds "9"]
[EventCountry "URU"]
[SourceTitle "CBM 194 Extra"]
[Source "ChessBase"]
[SourceDate "2020.03.31"]
[SourceVersion "1"]
[SourceVersionDate "2020.03.31"]
[SourceQuality "1"]

1. d4 Nf6 2. c4 g6 3. Nc3 Bg7 4. e4 d6 5. f4 0-0 6. Nf3 Na6 7. Bd3 e5 8. fxe5 dxe5 9. d5 c5 10. 0-0 Ne8 11. Bg5 Qd7 12. a3 Nd6 13. Re1 h6 14. Bh4 Qe8 15. Bg3 Bg4 16. h3 Bxf3 17. gxf3 Qd7 18. Kh2 f5 19. Rg1 f4 20. Bf2 g5 21. Bf1 Rf7 22. h4 Bf6 23. Bh3 Qe7 24. Be6 Nxc4 25. Qe2 Nd6 26. hxg5 hxg5 27. Rg2 Kf8 28. Bxf7 Kxf7 29. Rh1 Rh8+ 30. Kg1 Rxh1+ 31. Kxh1 Qd7 32. Rh2 Ke8 33. Kg1 b5 34. Qf1 g4 35. fxg4 Qxg4+ 36. Rg2 Qh5 37. Rh2 Qg4+ 38. Rg2 Qh5 1/2-1/2

[Event "Pan American-ch U1700"]
[Site "Carilo Village"]
[Date "2016.10.27"]
[Round "5"]
[White "Aguilera, Angel"]
[Black "Shpaisman, Andre Soihet"]
[Result "0-1"]
[WhiteElo "1392"]
[BlackElo "1584"]
[PlyCount "60"]
[EventDate "2016.10.25"]
[EventType "swiss"]
[EventRounds "9"]
[EventCountry "ARG"]
[SourceTitle "EXT 2022"]
[Source "ChessBase"]
[SourceDate "2021.10.06"]
[SourceVersion "1"]
[SourceVersionDate "2021.10.06"]
[SourceQuality "1"]

1. g3 e5 2. e4 Nf6 3. Nc3 d5 4. Bb5+ c6 5. Ba4 Nxe4 6. Nf3 Nxc3 7. bxc3 e4 8. Nd4 Bc5 9. d3 exd3 10. Qxd3 0-0 11. Bb2 Re8+ 12. Ne2 Qb6 13. 0-0-0 Bxf2 14. Rhf1 Be3+ 15. Kb1 Nd7 16. Nc1 Nc5 17. Qe2 Nxa4 18. Nb3 Be6 19. Rd4 Bxd4 20. cxd4 Nxb2 21. Kxb2 Bh3 22. Qd3 Bxf1 23. Qxf1 a5 24. a4 Re4 25. c3 Rae8 26. Qf5 Re2+ 27. Ka3 g6 28. Qb1 Rxh2 29. Qd3 Rhe2 30. Nc1 Qb2# 0-1